000 00313nam a22001457a 4500
008 210322b ||||| |||| 00| 0 eng d
020 _a9789380378992
041 _aeng
080 _22nd
_a611
082 _a611
100 _a6
101 _aANA
245 _aAtlas of Anatomy
_cGilroy, A. M
942 _2udc
_cBK
999 _c56625
_d56625